000 00319nam a22001097a 4500
999 _c15068
_d15068
008 200304b ||||| |||| 00| 0 eng d
245 _aBest practices in managing cost and profit.
260 _aPhilippines;
_bThe Philippine Star,
_c©2019.
300 _apage C5;
_c29.5cm.
650 _aBusiness
_941777
942 _2ddc
_cPER